[Event "MCRDMZ 2018"]
[Site "Varnsdorf"]
[Date "2018.06.17"]
[Round "3.7"]
[White "Nemec Jachym (Ricany)"]
[Black "Kures Michael (Loko Brno A)"]
[Result "1-0"]
[BlackElo "1879"]
[WhiteElo "1737"]
[LiveChessVersion "1.4.8"]

1. d4 {[%clk 0:25:17]} d5 {[%clk 0:25:17]} 2. c4 {[%clk 0:25:22]} c6
{[%clk 0:25:13]} 3. Nc3 {[%clk 0:25:27]} Nf6 {[%clk 0:25:20]} 4. cxd5
{[%clk 0:25:25]} cxd5 {[%clk 0:25:14]} 5. Bf4 {[%clk 0:25:23]} a6
{[%clk 0:25:05]} 6. e3 {[%clk 0:25:13]} Nc6 {[%clk 0:24:52]} 7. Bd3
{[%clk 0:25:12]} Bg4 {[%clk 0:24:47]} 8. Qb3 {[%clk 0:24:27]} b5 {[%clk 0:23:14]}
9. f3 {[%clk 0:22:47]} Na5 {[%clk 0:22:15]} 10. Qd1 {[%clk 0:21:47]} Bh5
{[%clk 0:21:59]} 11. Rc1 {[%clk 0:20:47]} Nc4 {[%clk 0:21:49]} 12. Bxc4
{[%clk 0:17:25]} dxc4 {[%clk 0:21:49]} 13. Nge2 {[%clk 0:16:39]} e6
{[%clk 0:20:57]} 14. O-O {[%clk 0:15:21]} Be7 {[%clk 0:20:38]} 15. b3
{[%clk 0:13:19]} cxb3 {[%clk 0:19:38]} 16. Qxb3 {[%clk 0:13:12]} O-O
{[%clk 0:19:38]} 17. Rfd1 {[%clk 0:13:17]} Rc8 {[%clk 0:17:52]} 18. e4
{[%clk 0:09:43]} Qb6 {[%clk 0:17:46]} 19. Kh1 {[%clk 0:09:07]} b4
{[%clk 0:12:12]} 20. e5 {[%clk 0:07:12]} Nd7 {[%clk 0:11:58]} 21. Ne4
{[%clk 0:07:16]} Qb5 {[%clk 0:11:35]} 22. N2g3 {[%clk 0:06:46]} Bg6
{[%clk 0:10:54]} 23. Bg5 {[%clk 0:05:03]} Bxg5 {[%clk 0:09:10]} 24. Nxg5
{[%clk 0:05:11]} Nb6 {[%clk 0:07:34]} 25. h4 {[%clk 0:04:39]} h6 {[%clk 0:06:13]}
26. N5e4 {[%clk 0:04:47]} Nc4 {[%clk 0:04:15]} 27. Nc5 {[%clk 0:04:05]} Na5
{[%clk 0:03:36]} 28. Qe3 {[%clk 0:03:48]} Nb7 {[%clk 0:03:00]} 29. Nge4
{[%clk 0:03:08]} Bxe4 {[%clk 0:03:02]} 30. Nxe4 {[%clk 0:03:16]} Qd5
{[%clk 0:02:31]} 31. Qe2 {[%clk 0:03:06]} Rxc1 {[%clk 0:02:20]} 32. Rxc1
{[%clk 0:03:14]} Qxd4 {[%clk 0:01:39]} 33. Qxa6 {[%clk 0:03:13]} Qb2
{[%clk 0:01:06]} 34. Rd1 {[%clk 0:02:46]} Qc2 {[%clk 0:00:50]} 35. Rd2
{[%clk 0:02:46]} Qc1+ {[%clk 0:00:56]} 36. Kh2 {[%clk 0:02:54]} Nd8
{[%clk 0:00:31]} 37. Qb6 {[%clk 0:02:48]} Qe1 {[%clk 0:00:23]} 38. g3
{[%clk 0:02:27]} Qf1 {[%clk 0:00:12]} 39. Rxd8 {[%clk 0:01:56]} Qe2+
{[%clk 0:00:21]} 40. Nf2 {[%clk 0:02:00]} Rxd8 {[%clk 0:00:12]} 41. Qxd8+
{[%clk 0:02:08]} Kh7 {[%clk 0:00:21]} 42. Qd4 {[%clk 0:02:14]} Qxa2
{[%clk 0:00:24]} 43. Kh3 {[%clk 0:01:38]} b3 {[%clk 0:00:14]} 44. Nd1
{[%clk 0:01:16]} g6 45. Qe4 Qe2 46. Kg4 Qc2 47. Kh3 1-0

[Event "MCRDMZ 2018"]
[Site "Varnsdorf"]
[Date "2018.06.17"]
[Round "3.8"]
[White "Hladky Tadeas (Loko Brno A)"]
[Black "Smolik Jachym (Ricany)"]
[Result "1-0"]
[BlackElo "1614"]
[WhiteElo "1659"]
[LiveChessVersion "1.4.8"]

1. e4 {[%clk 0:25:18]} c5 {[%clk 0:25:19]} 2. c3 {[%clk 0:25:23]} d5
{[%clk 0:25:27]} 3. exd5 {[%clk 0:25:31]} Qxd5 {[%clk 0:25:35]} 4. d4
{[%clk 0:25:38]} Nc6 {[%clk 0:25:42]} 5. Nf3 {[%clk 0:25:47]} Bf5
{[%clk 0:25:47]} 6. Be3 {[%clk 0:25:03]} Nf6 {[%clk 0:25:36]} 7. Be2
{[%clk 0:24:21]} e6 {[%clk 0:24:24]} 8. dxc5 {[%clk 0:23:08]} Qxd1+
{[%clk 0:24:30]} 9. Bxd1 {[%clk 0:22:31]} Bd3 {[%clk 0:22:44]} 10. Be2
{[%clk 0:21:21]} Bxe2 {[%clk 0:22:24]} 11. Kxe2 {[%clk 0:21:29]} O-O-O
{[%clk 0:22:32]} 12. Nbd2 {[%clk 0:20:54]} Nd5 {[%clk 0:21:45]} 13. Ne4
{[%clk 0:16:29]} Nxe3 {[%clk 0:21:21]} 14. fxe3 {[%clk 0:16:04]} h6
{[%clk 0:19:05]} 15. b4 {[%clk 0:14:15]} f5 {[%clk 0:18:15]} 16. Nf2
{[%clk 0:13:33]} e5 {[%clk 0:14:01]} 17. Rad1 {[%clk 0:12:19]} Be7
{[%clk 0:13:13]} 18. a3 e4 {[%clk 0:11:00]} 19. Nd4 {[%clk 0:08:35]} Nxd4+
{[%clk 0:10:10]} 20. cxd4 {[%clk 0:08:11]} Rd5 {[%clk 0:09:57]} 21. Rd2
{[%clk 0:07:14]} Rf8 {[%clk 0:09:30]} 22. Nd1 {[%clk 0:05:50]} Bf6
{[%clk 0:08:00]} 23. Nc3 {[%clk 0:05:33]} Rdd8 {[%clk 0:07:54]} 24. Rf1
{[%clk 0:05:37]} g6 {[%clk 0:07:23]} 25. Nb5 {[%clk 0:05:08]} a6 {[%clk 0:07:22]}
26. Nd6+ {[%clk 0:05:17]} Kb8 {[%clk 0:06:41]} 27. h3 {[%clk 0:04:36]} Be7
{[%clk 0:06:20]} 28. Nc4 {[%clk 0:04:17]} g5 {[%clk 0:06:08]} 29. Ne5
{[%clk 0:03:16]} Rf6 {[%clk 0:05:51]} 30. Rdd1 {[%clk 0:02:44]} h5
{[%clk 0:05:14]} 31. g3 {[%clk 0:02:04]} Kc8 {[%clk 0:05:07]} 32. Rc1
{[%clk 0:01:58]} f4 {[%clk 0:04:45]} 33. gxf4 {[%clk 0:01:41]} gxf4
{[%clk 0:04:52]} 34. Rxf4 {[%clk 0:01:24]} Rxf4 {[%clk 0:04:56]} 35. exf4
{[%clk 0:01:33]} Rxd4 {[%clk 0:04:59]} 36. Rd1 {[%clk 0:01:42]} Rxd1
{[%clk 0:04:37]} 37. Kxd1 Bh4 {[%clk 0:04:20]} 38. Ke2 {[%clk 0:01:52]} Kd8
{[%clk 0:04:01]} 39. Ke3 {[%clk 0:01:57]} Bf6 {[%clk 0:03:19]} 40. Kxe4
{[%clk 0:02:02]} Ke7 {[%clk 0:03:18]} 41. Kf5 {[%clk 0:01:19]} h4
{[%clk 0:03:05]} 42. Ke4 {[%clk 0:01:19]} Ke6 43. a4 {[%clk 0:01:22]} Be7
{[%clk 0:02:45]} 44. c6 {[%clk 0:00:46]} bxc6 {[%clk 0:02:36]} 45. Nxc6
{[%clk 0:00:55]} Bd6 {[%clk 0:02:41]} 46. Nd4+ {[%clk 0:01:01]} Kd7
{[%clk 0:02:29]} 47. b5 {[%clk 0:01:07]} axb5 {[%clk 0:02:22]} 48. axb5
{[%clk 0:01:13]} Bc7 {[%clk 0:02:13]} 49. f5 {[%clk 0:01:01]} Ke7
{[%clk 0:02:11]} 50. Nf3 1-0

[Event "MCRDMZ 2018"]
[Site "Varnsdorf"]
[Date "2018.06.17"]
[Round "3.9"]
[White "Bartak Josef (Ricany)"]
[Black "Mohapl Tomas (Loko Brno A)"]
[Result "0-1"]
[BlackElo "1563"]
[WhiteElo "1420"]
[LiveChessVersion "1.4.8"]

1. e4 {[%clk 0:25:18]} c5 {[%clk 0:25:19]} 2. Nf3 {[%clk 0:25:26]} d6
{[%clk 0:25:25]} 3. d4 {[%clk 0:25:32]} cxd4 {[%clk 0:25:29]} 4. Nxd4
{[%clk 0:25:39]} Nf6 {[%clk 0:25:35]} 5. Nc3 {[%clk 0:25:48]} a6 {[%clk 0:25:42]}
6. Bd3 {[%clk 0:25:53]} e5 {[%clk 0:24:08]} 7. Nf3 {[%clk 0:26:01]} Be6
{[%clk 0:23:49]} 8. Bg5 {[%clk 0:26:06]} Nbd7 {[%clk 0:23:39]} 9. h3
{[%clk 0:26:14]} Be7 {[%clk 0:23:12]} 10. O-O {[%clk 0:26:19]} O-O
{[%clk 0:23:01]} 11. Qe2 {[%clk 0:26:23]} Ne8 {[%clk 0:21:53]} 12. Bxe7
{[%clk 0:26:16]} Qxe7 {[%clk 0:21:47]} 13. Bc4 {[%clk 0:26:16]} Nc7
{[%clk 0:21:32]} 14. Bxe6 {[%clk 0:26:17]} Qxe6 {[%clk 0:21:36]} 15. Rad1
{[%clk 0:26:10]} Nf6 {[%clk 0:21:18]} 16. Ng5 {[%clk 0:26:06]} Qe7
{[%clk 0:21:00]} 17. Qc4 {[%clk 0:26:00]} Rac8 {[%clk 0:20:35]} 18. Qb3
{[%clk 0:25:48]} b5 {[%clk 0:20:11]} 19. Qb4 {[%clk 0:25:42]} Rfd8
{[%clk 0:19:52]} 20. a4 {[%clk 0:25:17]} bxa4 {[%clk 0:19:10]} 21. Qxa4
{[%clk 0:25:21]} Rb8 {[%clk 0:18:43]} 22. Qa3 {[%clk 0:25:23]} h6
{[%clk 0:16:55]} 23. Nf3 {[%clk 0:25:31]} Qe6 {[%clk 0:16:55]} 24. Qa5
{[%clk 0:25:24]} Rd7 {[%clk 0:16:42]} 25. Nd5 {[%clk 0:24:35]} Nfxd5
{[%clk 0:16:15]} 26. exd5 {[%clk 0:24:34]} Qf5 {[%clk 0:15:59]} 27. Qa4
{[%clk 0:24:15]} Re7 {[%clk 0:15:09]} 28. b4 {[%clk 0:23:57]} Qd7
{[%clk 0:14:37]} 29. Qb3 {[%clk 0:23:54]} Qb5 {[%clk 0:14:25]} 30. c3
{[%clk 0:23:39]} a5 {[%clk 0:13:34]} 31. Rb1 {[%clk 0:23:30]} axb4
{[%clk 0:13:08]} 32. cxb4 {[%clk 0:23:05]} Nxd5 {[%clk 0:12:45]} 33. Rfd1
{[%clk 0:22:56]} Nxb4 {[%clk 0:09:54]} 34. Rxd6 {[%clk 0:23:01]} Reb7
{[%clk 0:09:46]} 35. Qd1 {[%clk 0:22:23]} Qa5 {[%clk 0:09:04]} 36. Qd2
{[%clk 0:21:54]} f6 {[%clk 0:08:22]} 37. Qc3 {[%clk 0:21:03]} Kh8
{[%clk 0:06:27]} 38. Nd2 {[%clk 0:20:55]} Nc6 {[%clk 0:02:50]} 39. Qxa5
{[%clk 0:20:48]} Nxa5 {[%clk 0:02:58]} 40. Rxb7 {[%clk 0:20:56]} Rxb7
{[%clk 0:03:06]} 41. Rd5 {[%clk 0:20:47]} Nc6 {[%clk 0:03:09]} 42. Rc5
{[%clk 0:20:48]} Nd4 {[%clk 0:03:15]} 43. f3 {[%clk 0:20:46]} Rd7
{[%clk 0:03:02]} 44. Ne4 {[%clk 0:20:49]} Kg8 {[%clk 0:02:58]} 45. Kf2
{[%clk 0:20:55]} Kf7 {[%clk 0:03:01]} 46. Kg3 {[%clk 0:20:58]} Ke6
{[%clk 0:02:56]} 47. Ra5 {[%clk 0:20:20]} Ke7 {[%clk 0:02:46]} 48. Ra8
{[%clk 0:20:02]} Nf5+ {[%clk 0:02:26]} 49. Kg4 {[%clk 0:19:57]} Nd6
{[%clk 0:02:19]} 50. Rg8 {[%clk 0:19:21]} f5+ {[%clk 0:02:22]} 51. Kh4
{[%clk 0:19:23]} fxe4 {[%clk 0:02:28]} 52. Rxg7+ {[%clk 0:19:29]} Kd8
{[%clk 0:02:22]} 53. Rg8+ {[%clk 0:19:32]} Kc7 {[%clk 0:02:30]} 54. fxe4
{[%clk 0:19:32]} Nxe4 {[%clk 0:02:22]} 55. Rh8 {[%clk 0:19:37]} Rd6
{[%clk 0:02:22]} 56. Rh7+ {[%clk 0:19:43]} Kc6 {[%clk 0:02:30]} 57. Rh8
{[%clk 0:19:22]} Kd5 {[%clk 0:01:59]} 58. Rc8 {[%clk 0:19:23]} Nc5
{[%clk 0:02:01]} 59. Kg4 {[%clk 0:19:27]} Rf6 {[%clk 0:01:49]} 60. Rd8+
{[%clk 0:19:27]} Kc4 {[%clk 0:01:54]} 61. Re8 {[%clk 0:19:29]} e4
{[%clk 0:01:55]} 62. h4 {[%clk 0:19:24]} Kd3 {[%clk 0:02:02]} 63. Rd8+
{[%clk 0:19:29]} Ke2 {[%clk 0:02:05]} 64. Re8 {[%clk 0:19:36]} e3
{[%clk 0:02:13]} 65. Rc8 {[%clk 0:19:33]} Ne4 {[%clk 0:02:01]} 66. Rc2+
{[%clk 0:19:31]} Nd2 {[%clk 0:02:08]} 67. Rc3 {[%clk 0:19:37]} Nf1
{[%clk 0:02:02]} 68. Rc2+ {[%clk 0:19:19]} Kd3 {[%clk 0:01:42]} 69. Ra2
{[%clk 0:19:25]} e2 {[%clk 0:01:34]} 70. Ra1 {[%clk 0:19:26]} Ne3+
{[%clk 0:01:31]} 71. Kg3 {[%clk 0:19:32]} Rf1 {[%clk 0:01:39]} 72. Ra3+
{[%clk 0:19:38]} Kd4 {[%clk 0:01:46]} 73. Ra4+ {[%clk 0:19:45]} Kc5
{[%clk 0:01:54]} 74. Ra5+ {[%clk 0:19:32]} Kb4 {[%clk 0:02:02]} 75. h5
{[%clk 0:19:30]} Kxa5 {[%clk 0:02:06]} 76. Kh3 {[%clk 0:19:35]} e1=Q
{[%clk 0:02:12]} 77. g4 {[%clk 0:19:25]} Rh1# {[%clk 0:02:16]} 0-1

[Event "MCRDMZ 2018"]
[Site "Varnsdorf"]
[Date "2018.06.17"]
[Round "3.10"]
[White "Ulcak Michael (Loko Brno A)"]
[Black "Siles Jan (Ricany)"]
[Result "1-0"]
[BlackElo "1360"]
[WhiteElo "1551"]
[LiveChessVersion "1.4.8"]

1. e4 {[%clk 0:25:17]} c5 {[%clk 0:25:16]} 2. c3 {[%clk 0:25:24]} d5
{[%clk 0:25:19]} 3. exd5 {[%clk 0:25:32]} Qxd5 {[%clk 0:25:23]} 4. d4
{[%clk 0:25:41]} cxd4 {[%clk 0:25:18]} 5. cxd4 {[%clk 0:25:49]} Nc6
{[%clk 0:25:21]} 6. Nf3 {[%clk 0:25:54]} Bg4 {[%clk 0:24:35]} 7. Be2
{[%clk 0:25:57]} Nf6 {[%clk 0:24:00]} 8. O-O {[%clk 0:25:45]} e6 {[%clk 0:23:27]}
9. Nc3 {[%clk 0:25:13]} Qd7 {[%clk 0:22:17]} 10. Be3 {[%clk 0:24:00]} Bd6
{[%clk 0:21:57]} 11. h3 {[%clk 0:23:42]} Bh5 {[%clk 0:21:34]} 12. Kh1
{[%clk 0:22:56]} O-O {[%clk 0:21:11]} 13. d5 {[%clk 0:22:40]} Ne7
{[%clk 0:17:53]} 14. dxe6 {[%clk 0:19:00]} Qxe6 {[%clk 0:17:47]} 15. Bd4
{[%clk 0:15:54]} h6 {[%clk 0:16:23]} 16. Qd3 {[%clk 0:13:52]} Bg6
{[%clk 0:14:09]} 17. Qe3 {[%clk 0:13:32]} Qxe3 {[%clk 0:13:56]} 18. Bxe3
{[%clk 0:13:38]} a6 {[%clk 0:13:54]} 19. Rfd1 {[%clk 0:13:00]} Bb4
{[%clk 0:13:36]} 20. Rac1 {[%clk 0:12:50]} Rfd8 {[%clk 0:13:12]} 21. a3
{[%clk 0:12:30]} Rxd1+ {[%clk 0:12:42]} 22. Bxd1 {[%clk 0:12:30]} Rd8
{[%clk 0:12:44]} 23. axb4 {[%clk 0:12:10]} Nf5 {[%clk 0:10:20]} 24. Bf4
{[%clk 0:11:29]} Nd4 {[%clk 0:08:17]} 25. Be5 {[%clk 0:07:57]} Nxf3
{[%clk 0:06:24]} 26. Bxf3 {[%clk 0:07:56]} Rd2 {[%clk 0:06:24]} 27. Bxf6
{[%clk 0:06:55]} gxf6 {[%clk 0:06:28]} 28. Ne4 {[%clk 0:06:58]} Kg7
{[%clk 0:05:56]} 29. Nxd2 {[%clk 0:07:06]} Kg8 1-0

[Event "MCRDMZ 2018"]
[Site "Varnsdorf"]
[Date "2018.06.17"]
[Round "3.11"]
[White "Le Martin (Ricany)"]
[Black "Hladky Mikulas (Loko Brno A)"]
[Result "1-0"]
[BlackElo "1242"]
[WhiteElo "1376"]
[LiveChessVersion "1.4.8"]

1. e4 {[%clk 0:25:18]} e5 {[%clk 0:23:20]} 2. f4 {[%clk 0:25:26]} exf4
{[%clk 0:23:27]} 3. Nf3 {[%clk 0:25:35]} d6 {[%clk 0:23:30]} 4. Bc4
{[%clk 0:25:40]} Nf6 {[%clk 0:23:35]} 5. d3 {[%clk 0:25:46]} Bg4 {[%clk 0:23:41]}
6. Bxf4 {[%clk 0:25:46]} Nc6 {[%clk 0:23:41]} 7. O-O {[%clk 0:25:45]} Be7
{[%clk 0:23:42]} 8. Nc3 {[%clk 0:25:52]} O-O {[%clk 0:23:38]} 9. h3
{[%clk 0:25:48]} Bh5 {[%clk 0:23:44]} 10. Ne2 {[%clk 0:24:54]} Bxf3
{[%clk 0:23:37]} 11. Rxf3 {[%clk 0:25:01]} Re8 {[%clk 0:23:24]} 12. Ng3
{[%clk 0:24:40]} Nd4 {[%clk 0:23:22]} 13. Rf1 {[%clk 0:24:26]} Qd7
{[%clk 0:22:58]} 14. Be3 {[%clk 0:23:55]} Ne6 {[%clk 0:22:45]} 15. Nf5
{[%clk 0:23:42]} Nf8 {[%clk 0:22:17]} 16. Rf3 {[%clk 0:22:04]} Ng6
{[%clk 0:22:21]} 17. Rg3 {[%clk 0:21:42]} c6 {[%clk 0:22:17]} 18. Bg5
{[%clk 0:20:21]} d5 {[%clk 0:22:11]} 19. Nxe7+ Rxe7 {[%clk 0:21:32]} 20. Bxf6
{[%clk 0:19:03]} gxf6 {[%clk 0:21:36]} 21. exd5 {[%clk 0:18:12]} cxd5
{[%clk 0:21:30]} 22. Bb3 {[%clk 0:18:20]} Kh8 23. Qf3 {[%clk 0:16:47]} Rd8
{[%clk 0:21:05]} 24. Qxf6+ {[%clk 0:16:15]} Kg8 {[%clk 0:21:09]} 25. Rf1
{[%clk 0:15:58]} Rf8 {[%clk 0:20:54]} 26. h4 {[%clk 0:15:55]} Re6
{[%clk 0:20:43]} 27. Qd4 {[%clk 0:15:42]} Qc7 {[%clk 0:20:13]} 28. Rg4
{[%clk 0:14:51]} Qe5 {[%clk 0:19:48]} 29. Qxd5 {[%clk 0:13:16]} Qxd5
{[%clk 0:19:44]} 30. Bxd5 {[%clk 0:13:24]} Re5 {[%clk 0:19:50]} 31. Be4
{[%clk 0:13:30]} Rh5 {[%clk 0:19:45]} 32. Rf5 {[%clk 0:12:33]} Rxh4
{[%clk 0:19:35]} 33. Rxh4 {[%clk 0:12:27]} Nxh4 {[%clk 0:19:40]} 34. Rg5+
{[%clk 0:12:24]} Ng6 {[%clk 0:19:48]} 35. Bxb7 {[%clk 0:12:29]} Rb8
{[%clk 0:19:39]} 36. Bd5 {[%clk 0:11:55]} Rxb2 {[%clk 0:19:36]} 37. Bb3
{[%clk 0:12:03]} Rb1+ {[%clk 0:19:42]} 38. Kf2 {[%clk 0:12:12]} Rh1
{[%clk 0:19:36]} 39. Rf5 {[%clk 0:12:08]} Nh8 {[%clk 0:19:08]} 40. Ra5
{[%clk 0:12:04]} Ng6 {[%clk 0:19:01]} 41. Rxa7 {[%clk 0:12:12]} Nh8
{[%clk 0:19:09]} 42. a4 {[%clk 0:11:55]} Kg7 {[%clk 0:19:10]} 43. a5
{[%clk 0:11:57]} Kg6 {[%clk 0:19:18]} 44. Ra8 {[%clk 0:12:00]} Kg7
{[%clk 0:19:21]} 45. a6 {[%clk 0:11:31]} Ng6 {[%clk 0:19:02]} 46. Ke3
{[%clk 0:11:22]} Ne7 {[%clk 0:19:09]} 47. Ra7 {[%clk 0:11:27]} Re1+
{[%clk 0:19:04]} 48. Kf2 {[%clk 0:11:14]} Re5 {[%clk 0:19:05]} 49. Kf3
{[%clk 0:11:15]} Kf6 {[%clk 0:19:11]} 50. Ra8 {[%clk 0:11:00]} Ra5
{[%clk 0:19:06]} 51. Ke4 {[%clk 0:10:22]} h5 {[%clk 0:19:10]} 52. Rf8
{[%clk 0:10:06]} Re5+ {[%clk 0:18:51]} 53. Kd4 {[%clk 0:10:11]} Nc6+
{[%clk 0:18:56]} 54. Kc3 {[%clk 0:09:58]} Re7 {[%clk 0:18:56]} 55. Bd5
{[%clk 0:09:49]} Na7 {[%clk 0:18:58]} 56. Kd2 {[%clk 0:09:30]} Kg7
{[%clk 0:19:03]} 57. Ra8 {[%clk 0:09:38]} Nb5 {[%clk 0:19:06]} 58. c4
{[%clk 0:09:15]} Nc7 {[%clk 0:19:10]} 59. Rc8 {[%clk 0:09:02]} Nxa6
{[%clk 0:19:12]} 60. c5 {[%clk 0:08:41]} Nb4 {[%clk 0:19:12]} 61. Bc4
{[%clk 0:08:47]} f5 {[%clk 0:19:15]} 62. Kc3 {[%clk 0:08:56]} Nc6
{[%clk 0:19:07]} 63. Rxc6 {[%clk 0:09:05]} f4 {[%clk 0:19:14]} 64. Re6
{[%clk 0:08:39]} Rc7 {[%clk 0:19:07]} 65. c6 {[%clk 0:08:42]} h4 {[%clk 0:19:14]}
66. Bd5 {[%clk 0:08:38]} Kh7 {[%clk 0:19:01]} 67. Rf6 {[%clk 0:08:36]} f3
{[%clk 0:18:45]} 68. Bxf3 {[%clk 0:08:40]} Kg7 {[%clk 0:18:51]} 69. Rd6
{[%clk 0:08:41]} Kf7 {[%clk 0:18:58]} 70. Rd7+ {[%clk 0:08:48]} Rxd7
{[%clk 0:19:02]} 71. cxd7 {[%clk 0:08:57]} Ke7 {[%clk 0:19:11]} 72. Bg4
{[%clk 0:09:06]} Kd8 {[%clk 0:19:16]} 73. Kb4 {[%clk 0:09:15]} Kc7
{[%clk 0:19:20]} 74. Kc5 {[%clk 0:09:25]} Kd8 {[%clk 0:19:29]} 75. Kb6
{[%clk 0:09:33]} h3 {[%clk 0:19:29]} 76. Bxh3 {[%clk 0:09:41]} Ke7
{[%clk 0:19:36]} 77. Kc7 {[%clk 0:09:49]} Kf6 {[%clk 0:19:43]} 78. d8=Q+
{[%clk 0:09:55]} Ke5 {[%clk 0:19:50]} 79. Kc6 {[%clk 0:10:00]} Kf4
{[%clk 0:19:56]} 80. g3+ {[%clk 0:10:08]} Ke5 {[%clk 0:20:01]} 81. d4+
{[%clk 0:10:15]} Ke4 {[%clk 0:20:08]} 82. Qd5+ {[%clk 0:10:23]} Ke3
{[%clk 0:20:12]} 83. Kc5 {[%clk 0:10:29]} Kd3 {[%clk 0:20:18]} 84. Bf5+
{[%clk 0:10:38]} Ke3 {[%clk 0:20:25]} 85. Qe4+ {[%clk 0:10:46]} Kd2
{[%clk 0:20:33]} 86. Qd3+ {[%clk 0:10:55]} Ke1 {[%clk 0:20:40]} 87. Qc2
{[%clk 0:10:59]} Kf1 {[%clk 0:20:47]} 88. Be4 {[%clk 0:11:02]} Kg1
{[%clk 0:20:55]} 89. Qg2# 1-0

[Event "MCRDMZ 2018"]
[Site "Varnsdorf"]
[Date "2018.06.17"]
[Round "3.12"]
[White "Vavrinkova Marie (Loko Brno A)"]
[Black "Myskova Veronika (Ricany)"]
[Result "1-0"]
[BlackElo "1247"]
[WhiteElo "1364"]
[LiveChessVersion "1.4.8"]

1. e4 {[%clk 0:25:18]} c5 {[%clk 0:25:18]} 2. Nf3 {[%clk 0:25:26]} Nc6
{[%clk 0:25:25]} 3. d4 {[%clk 0:25:25]} cxd4 {[%clk 0:25:32]} 4. Nxd4
{[%clk 0:25:32]} g6 {[%clk 0:25:39]} 5. Be2 {[%clk 0:25:14]} Bg7 {[%clk 0:25:41]}
6. Be3 {[%clk 0:24:57]} Nf6 {[%clk 0:25:37]} 7. Nc3 {[%clk 0:24:40]} O-O
{[%clk 0:25:37]} 8. O-O {[%clk 0:23:49]} d5 {[%clk 0:24:17]} 9. exd5
{[%clk 0:21:52]} Nxd5 {[%clk 0:24:18]} 10. Nxd5 {[%clk 0:20:39]} Qxd5
{[%clk 0:24:12]} 11. c3 {[%clk 0:19:36]} Bf5 {[%clk 0:22:52]} 12. Bf3
{[%clk 0:17:35]} Be4 {[%clk 0:20:28]} 13. Bxe4 {[%clk 0:16:11]} Qxe4
{[%clk 0:20:10]} 14. Nb3 {[%clk 0:13:50]} Rad8 {[%clk 0:19:19]} 15. Qe2
{[%clk 0:13:02]} Ne5 {[%clk 0:17:44]} 16. Rad1 {[%clk 0:09:42]} Rxd1
{[%clk 0:16:23]} 17. Rxd1 {[%clk 0:09:35]} Ng4 {[%clk 0:13:50]} 18. Rd3
{[%clk 0:08:55]} Qe5 {[%clk 0:13:04]} 19. Qxg4 {[%clk 0:08:22]} Qh5
{[%clk 0:11:08]} 20. Qxh5 {[%clk 0:08:01]} gxh5 {[%clk 0:11:15]} 21. g3
{[%clk 0:07:43]} Kh8 {[%clk 0:10:48]} 22. Bd4 {[%clk 0:07:41]} Bxd4
{[%clk 0:10:47]} 23. Nxd4 {[%clk 0:07:16]} Rg8 {[%clk 0:10:39]} 24. Nf5
{[%clk 0:06:56]} e6 {[%clk 0:10:29]} 25. Nd6 {[%clk 0:05:54]} Rg7
{[%clk 0:09:38]} 26. Nxb7 {[%clk 0:05:48]} h6 {[%clk 0:08:55]} 27. Rd8+
{[%clk 0:05:40]} Kh7 {[%clk 0:08:56]} 28. Rd7 {[%clk 0:05:39]} h4
{[%clk 0:08:50]} 29. Nd6 {[%clk 0:05:23]} Kg8 {[%clk 0:08:44]} 30. Rxa7
{[%clk 0:04:01]} h3 {[%clk 0:08:45]} 31. c4 {[%clk 0:03:49]} Rg5 {[%clk 0:07:25]}
32. Nxf7 {[%clk 0:03:33]} Rc5 {[%clk 0:06:55]} 33. Nxh6+ {[%clk 0:03:08]} Kh8
{[%clk 0:07:00]} 34. b3 {[%clk 0:03:01]} Re5 {[%clk 0:07:01]} 35. Nf7+
{[%clk 0:02:50]} Kg8 {[%clk 0:07:07]} 36. Nxe5 {[%clk 0:02:54]} Kf8
{[%clk 0:07:13]} 37. Ng6+ {[%clk 0:02:52]} Kg8 {[%clk 0:07:16]} 38. Kf1
{[%clk 0:02:59]} e5 {[%clk 0:07:19]} 39. Nxe5 {[%clk 0:02:45]} Kf8
{[%clk 0:07:27]} 40. Ke2 {[%clk 0:02:52]} Kg8 {[%clk 0:07:34]} 41. Kf3
{[%clk 0:03:01]} Kf8 {[%clk 0:07:42]} 42. Kf4 {[%clk 0:03:04]} Kg8
{[%clk 0:07:51]} 43. Kf5 {[%clk 0:03:11]} Kh8 {[%clk 0:07:59]} 44. Kg6
{[%clk 0:03:19]} Kg8 {[%clk 0:08:07]} 45. Ra8# {[%clk 0:03:27]} 1-0

[Event "MCRDMZ 2018"]
[Site "Varnsdorf"]
[Date "2018.06.17"]
[Round "3.13"]
[White "Hrbek Stepan (Polabiny A)"]
[Black "Kanak Matyas (BSS F-M B)"]
[Result "1-0"]
[BlackElo "1569"]
[WhiteElo "1785"]
[LiveChessVersion "1.4.8"]

1. Nf3 {[%clk 0:25:18]} d5 {[%clk 0:25:18]} 2. e3 {[%clk 0:25:28]} Nf6
{[%clk 0:25:07]} 3. c4 {[%clk 0:25:37]} e6 {[%clk 0:25:09]} 4. b3
{[%clk 0:25:45]} Be7 {[%clk 0:25:10]} 5. Bb2 {[%clk 0:25:53]} Nbd7
{[%clk 0:25:17]} 6. d4 {[%clk 0:25:40]} c6 {[%clk 0:25:24]} 7. Bd3
{[%clk 0:25:46]} b6 {[%clk 0:25:32]} 8. O-O {[%clk 0:25:40]} Bb7 {[%clk 0:25:37]}
9. Nc3 {[%clk 0:25:33]} O-O {[%clk 0:25:43]} 10. Qe2 {[%clk 0:23:59]} c5
{[%clk 0:25:34]} 11. cxd5 {[%clk 0:24:06]} exd5 {[%clk 0:25:42]} 12. Rfd1
{[%clk 0:23:49]} Re8 {[%clk 0:25:20]} 13. Rac1 {[%clk 0:23:04]} Rc8
{[%clk 0:25:24]} 14. dxc5 {[%clk 0:19:26]} Bxc5 {[%clk 0:24:51]} 15. Bb1
{[%clk 0:19:10]} Qe7 {[%clk 0:23:35]} 16. Nd4 {[%clk 0:18:15]} Ne4
{[%clk 0:18:54]} 17. Nf5 {[%clk 0:16:38]} Qd8 {[%clk 0:11:47]} 18. Nxe4
{[%clk 0:16:13]} dxe4 {[%clk 0:11:55]} 19. Nxg7 Re7 {[%clk 0:10:40]} 20. Qg4
{[%clk 0:15:56]} Kf8 {[%clk 0:10:20]} 21. Nf5 {[%clk 0:15:56]} Re6
{[%clk 0:08:41]} 22. Qg7+ {[%clk 0:14:59]} Ke8 {[%clk 0:08:43]} 23. Qg8+
{[%clk 0:12:42]} Bf8 {[%clk 0:08:48]} 24. Ng7+ {[%clk 0:12:51]} Ke7
{[%clk 0:08:54]} 25. Ba3+ {[%clk 0:13:01]} Kf6 {[%clk 0:08:04]} 26. Nh5+
{[%clk 0:13:09]} Kf5 {[%clk 0:07:59]} 27. g4+ {[%clk 0:13:11]} Ke5
{[%clk 0:08:07]} 28. Bb2+ {[%clk 0:13:20]} Rc3 {[%clk 0:08:08]} 29. Bxc3#
{[%clk 0:13:24]} 1-0